| 000 | 01473 a2200241 4500 | ||
|---|---|---|---|
| 003 | Nust | ||
| 005 | 20221007144851.0 | ||
| 010 | _a 2003067314 | ||
| 020 | _a1852337885 (alk. paper) | ||
| 040 | _cNust | ||
| 082 | 0 | 0 | _a629.836,TAO |
| 245 | 0 | 0 |
_aAdaptive control of systems with actuator failures _cGang Tao ... [et al.]. |
| 260 |
_aLondon ; _aNew York : _bSpringer, _c2004. |
||
| 300 |
_axvi, 299 p. : _bill. ; _c24 cm. |
||
| 505 | _aIntroduction (Page-1), State Feedback Design for State Tracking (Page-15), State Feedback Design for Output Tracking (Page-55), Output Feedback Design for Output Tracking (Page-85), Design for Multivariable Systems (Page-103), Pole Placement Designs (Page-123), designs for Linearized Aircraft Models (Page-137), Robust Design for Discrete Time Systems (Page-163), Failure Compensation for Nonlinear Systems (Page-177), State Feedback Designs for Nonlinear Systems (Page-195), Nonlinear Output Feedback Designs (Page-233), Conclusions and Research Topics (Page-265). | ||
| 650 | 0 |
_aActuators _xReliability. _999485 |
|
| 650 | 0 | _aTelecommunication engineering | |
| 700 | 1 |
_aTao, Gang. _999486 |
|
| 856 | 4 | 2 |
_3Contributor biographical information _uhttp://www.loc.gov/catdir/enhancements/fy0818/2003067314-b.html |
| 856 | 4 | 2 |
_3Publisher description _uhttp://www.loc.gov/catdir/enhancements/fy0818/2003067314-d.html |
| 856 | 4 | 2 |
_3Table of contents only _uhttp://www.loc.gov/catdir/enhancements/fy0818/2003067314-t.html |
| 942 |
_cREF _2ddc |
||
| 999 |
_c178756 _d178756 |
||